|
|
|
|
| LEADER |
00000ngm a2200000 a 4500 |
| 001 |
vtls010284253 |
| 003 |
SK-MaSNL |
| 005 |
20260301031822.0 |
| 007 |
vd cvaizu |
| 008 |
110608p2009 xo 098 b vacze |
| 040 |
|
|
|a SNK
|b slo
|c SNK
|e AACR2
|
| 041 |
0 |
|
|a cze
|a slo
|
| 044 |
|
|
|a xo
|c SK
|
| 072 |
|
7 |
|a 791
|x Film. Cirkus. Ľudová zábava
|2 konspekt
|
| 080 |
|
|
|a 791.228
|2 2001
|
| 080 |
|
|
|a 791.221.2
|2 2001
|
| 080 |
|
|
|a (0.034.44)
|2 2001
|
| 130 |
0 |
|
|a Oggy and the Cockroaches
|l Česky
|9 327972
|
| 245 |
1 |
0 |
|a Oggy a šváby
|h videozáznam
|b ako to chodí u tučniakov
|c réžia: Olivier Jean Marie
|
| 246 |
3 |
1 |
|a Oggy a švábi
|b jak to chodí u tučňáků
|
| 260 |
|
|
|a [Bratislava]
|b Ringier
|c [2009]
|
| 300 |
|
|
|a 1 videodisk (DVD) (98 min.)
|b zvuk., fareb.
|c 12 cm
|
| 490 |
1 |
|
|a Nový Čas vás baví extra
|
| 500 |
|
|
|a ©1999 Xilam Animation
|
| 500 |
|
|
|a Názov z obalu
|
| 500 |
|
|
|a DVD obsahuje 12 epizód
|
| 521 |
8 |
|
|a Vhodný od 5 rokov
|
| 538 |
|
|
|a Zvuk Dolby Digital 2.0; aspect ratio 4:3; PAL; region 2
|
| 546 |
|
|
|a Jazyk český a slovenský
|
| 650 |
0 |
7 |
|a animované filmy
|2 SNKPH
|9 3171
|
| 650 |
0 |
7 |
|a filmová komédia
|2 SNKPH
|9 73961
|
| 655 |
|
7 |
|a DVD
|2 SNKPH
|9 70751
|
| 700 |
1 |
|
|a Jean-Marie, Olivier,
|d 1960-
|4 drt
|9 327973
|
| 830 |
|
0 |
|a Nový Čas vás baví extra
|9 326689
|
| 999 |
|
|
|c 577370
|d 579300
|
| 952 |
|
|
|a SNK
|b SNK
|y PREZ
|7 0
|p 17A0704072
|o snkSDVD 1257
|i snk2011/13121
|8 0
|0 0
|1 0
|4 0
|d 2011-06-08
|l 0
|r 2026-02-23 14:38:03
|w 2026-02-23
|